Tactical pilotage chart, TPC. D-2C, Denmark, Estonia, Finland, Latvia, Lithuania, Norway, Sweden.

Bibliographic Details
Corporate Authors: Great Britain. Military Survey, Aerospace Center (U.S.)
Format: Government Document Map
Language:English
Published: London : St. Louis, MO : The Survey ; DMA Aerospace Center ; 1996.
Edition:Ed. 5-GSGS.
Subjects:

MARC

Tag First Indicator Second Indicator Subfields
LEADER 00000cem a2200000 a 4500
001 in00001402767
005 20151020052150.0
007 aj canzn
008 970813s1996 enkacg cc a f 0 eng d
010 |a gp 97067036  
034 1 |a a  |b 500000  |d E0011000  |e E0220000  |f N0600000  |g N0560000 
035 |a (OCoLC)37461681 
035 |9 AHM2881AM 
037 |a TPCXXD 02 C  |b DMA 
040 |a GPO  |c GPO  |d DLC  |d MvI  |d UtOrBLW 
052 |a 6911 
052 |a 7021 
074 |a 0378-E-05 
086 0 |a D 5.354:TPC D-2 C/996 
110 1 |a Great Britain.  |b Military Survey. 
245 1 0 |a Tactical pilotage chart, TPC.  |n D-2C,  |p Denmark, Estonia, Finland, Latvia, Lithuania, Norway, Sweden. 
246 3 0 |a Denmark, Estonia, Finland, Latvia, Lithuania, Norway, Sweden 
246 2 |a TPC, Denmark, Estonia, Finland, Latvia, Lithuania, Norway, Sweden 
250 |a Ed. 5-GSGS. 
255 |a Scale 1:500,000 ;  |b Lambert conformal conic proj., standard parallels 57⁰20ʹ and 62⁰40ʹ  |c (E 11⁰00ʹ--E 22⁰00ʹ/N 60⁰00ʹ--N 56⁰00ʹ). 
264 1 |a London :  |b The Survey ;  |a St. Louis, MO :  |b DMA Aerospace Center ;  |c 1996. 
264 2 |a [Riverdale, Md.] :  |b [NOAA Distribution Branch (N/ACC3), National Ocean Service, distributor], 
300 |a 1 map :  |b color ;  |c 94 x 139 cm., on sheet 106 x 146 cm., folded to 27 x 37 cm. 
336 |a cartographic image  |b cri  |2 rdacontent 
337 |a unmediated  |b n  |2 rdamedia 
338 |a sheet  |b nb  |2 rdacarrier 
500 |a Relief shown by contours, tints, and spot heights. 
500 |a Produced by the Military Survey for DMA Aerospace Center to issue as series TPC D-2C. 
500 |a "Air information current at 21 May 1996." 
500 |a "Revised 1995." 
500 |a "Crown copyright 1996." 
500 |a Includes elevation tints and interchart relationship diagrams. 
500 |a "8/96/910919M." 
500 |a Cartographic material. 
650 0 |a Aeronautical charts  |z Scandinavia. 
650 0 |a Aeronautical charts  |z Baltic States. 
710 2 |a Aerospace Center (U.S.) 
999 |a MARS 
999 f f |s 28e10b02-0ec5-324f-9cd4-c11d29edc03c  |i 2e4f55ba-a0ea-3b0a-a0a1-b03b15bcae6c  |t 0 
952 f f |p normal  |a Texas A&M University  |b College Station  |c Sterling C. Evans Library  |d Evans: Maps (2nd floor)  |t 0  |e G3201.P6 s500.U5 TPC D-2C  |h Library of Congress classification  |i unmediated -- sheet  |m A14823017455 
998 f f |a G3201.P6 s500.U5 TPC D-2C  |t 0  |l Evans: Maps (2nd floor)